|
|
|
|
| LEADER |
00661naa a2200181 i 4500 |
| 001 |
acta65108 |
| 005 |
20260224081030.0 |
| 008 |
200224s2000 hu o 000 hun d |
| 020 |
|
|
|a 963 482 500 1
|
| 040 |
|
|
|a SZTE Egyetemi Kiadványok Repozitórium
|b hun
|
| 041 |
|
|
|a hun
|
| 100 |
1 |
|
|a Rokay Péter
|
| 245 |
1 |
0 |
|a Bot és Saul
|h [elektronikus dokumentum] /
|c Rokay Péter
|
| 260 |
|
|
|c 2000
|
| 300 |
|
|
|a 451-455
|
| 490 |
0 |
|
|a Magyaroknak eleiről : ünnepi tanulmányok a hatvan esztendős Makk Ferenc tiszteletére
|
| 695 |
|
|
|a Magyarország története - középkor
|
| 856 |
4 |
0 |
|u http://acta.bibl.u-szeged.hu/65108/1/2000_magyaroknak_eleirol_451-455.pdf
|z Dokumentum-elérés
|